000 01226nam0a22002531 4500
001 rc\4155341
005 20250611004834.0
035 _a(NLR Aleph) 007993410
090 _a8593927
_c8593927
100 _a20130415a19489999|||y0rusy50 ca
101 0 _arus
102 _aRU
105 _ay z |||||
200 1 _aСборник научно-технических и производственных статей по геодезии, картографии, топографии, аэросъемке и гравиметрии
_fПод ред. С.Г. Судакова (отв. ред.). А.И. Дурнева [и др.]
_gГл. упр. геодезии и картографии при Сов. министров СССР. Вып. 16-
210 _aМосква
_cГеодезиздат
_d1948-
215 _d25
702 1 _aДурнев
_bА.И.
_4340
702 1 _aСудаков
_bС.Г.
_4340
801 0 _aRU
_bNLR
_gpsbo
801 1 _aRU
_bELAR
_2rusmarc
830 _aПеречень имеющихся в библиотеке томов, номеров, годов этого издания смотри в каталоге периодических изданий
852 _aNLR
_jП7/314
942 _cBOOK
980 _aNB